| 000 | 00775nam a2200217 a 4500 | ||
|---|---|---|---|
| 001 | 4058 | ||
| 005 | 20140414131956.0 | ||
| 008 | 081215s19uu xx 00 eng d | ||
| 020 | _a978-0-439-75465-1 | ||
| 050 |
_aTR 372.3 _bT59 2006 |
||
| 100 | _aTomecek, Steve | ||
| 245 |
_aSoda bottle science : _b25 easy, hands-on activities that teach key concepts in physical, earth, and life sciences--and meet the science standards. Grades4-8 / _cby Steve Tomecek. |
||
| 260 |
_aNew York : _bScholastic, _cc2006. |
||
| 300 | _a64 p. : ill. ; cm. | ||
| 440 | _aTeaching resources | ||
| 500 | _aGrades 4-8 | ||
| 650 |
_aScience _xStudy and teaching (Elementary) _xActivity programs. |
||
| 650 |
_aScience _xStudy and teaching (Middle school |
||
| 999 |
_c112929 _d112929 |
||